Robinson Crusoe [
| Main Author: | |
|---|---|
| Format: | Book |
| Published: |
Malaysia :
Far East Pictures ,
19_.
|
| Subjects: |
MARC
| LEADER | 00000cam a2200000 7i4500 | ||
|---|---|---|---|
| 001 | 0000000122 | ||
| 002 | 000000138 | ||
| 005 | 20021001.0 | ||
| 020 | |a 000000138 | ||
| 090 | 0 | 0 | |a JF |b ROB |
| 100 | 1 | |a Defoe, Daniel | |
| 245 | 1 | 0 | |a Robinson Crusoe [ |h video recording] |c Daniel Defoe |
| 260 | |a Malaysia : |b Far East Pictures , |c 19_. | ||
| 300 | |a 1 Video recording VHS (60 minutes) : |b col.(PAL) | ||
| 500 | |a Library has 1 copy | ||
| 650 | 0 | 0 | |a Cartoon and carricatures |
| 999 | |a PV0050 |b VIDEO |c JUNIOR REFERENCE |e PERPUSTAKAAN KOMUNITI PETALING JAYA | ||